ნორმალური ფორმატი
MARC ფორმატი
ჩანაწერი Personal Name
ჩანაწერთა რაოდენობა, რომელიც გამოყენებულია: 1
001 - CONTROL NUMBER
- control field: 21083
003 - CONTROL NUMBER IDENTIFIER
- control field: GE_BSU
005 - DATE AND TIME OF LATEST TRANSACTION
- control field: 20240122142859.0
008 - FIXED-LENGTH DATA ELEMENTS
- fixed length control field: 240122|| aca||aabn | a|a d
040 ## - CATALOGING SOURCE
- Original cataloging agency: GE_BSU
- Transcribing agency: GE_BSU
100 ## - HEADING--PERSONAL NAME
- Personal name: თევზაძე, გ.
- Relator term: რედაქტორი
670 ## - SOURCE DATA FOUND
- Source citation: Work cat.: (GE_BSU)41508: დავით IV, აღმაშენებელი. 21082, გალობანი სინანულისანი = Покаянный канон = Reuegesange /
